000 00998nam a2200253 i 4500
001 bg
245 1 0 _aReengineering i technologia informatyczna w restrukturyzacji procesów gospodarczych /
_cIreneusz Durlik.
260 _aCzęstochowa :
_bWydaw. Wydziału Zarządzania Politechniki Częstochowskiej,
_c2001.
300 _a106, [1] s. ;
_c24 cm.
490 1 _aPrace Wydziału Zarządzania Politechniki Częstochowskiej. Zeszyt Naukowy,
_x1428-1597 ;
_vnr 2
504 _aBibliogr. przy ref.
650 9 _aPrzedsiębiorstwo
_xorganizacja
_xreforma
650 9 _aSystemy informatyczne
_xstosowanie
_xzarządzanie
655 _aMateriały konferencyjne
700 1 _aDURLIK, Ireneusz
_d(1931- ).
_eRed.
830 0 _aPrace Wydziału Zarządzania Politechniki Częstochowskiej.
_pZeszyt Naukowy ;
_vnr 2
020 _a8388469606
040 _cBPK
041 0 _apl
080 _a658.1/.5.012.4:004](075.8)
920 _a83-88469-60-6
942 _cKS
008 s pl f |000 0 pol
999 _c42162
_d42162
856 _uhttp://koha.tu.koszalin.pl/cgi-bin/koha/opac-detail.pl?biblionumber=42162
_yKatalog online BPK